• 首页
  • 本馆介绍
  • 公告通知
  • 最新文献
  • 馆藏检索
  • 电子资源
  • 读者导购
  • 参考咨询
  • 我的图书馆
  • 登录
  • 详细信息显示
  • 放入我的书架
  • 预约/预借图书
  • 作者相关作品
  • 分类相关作品
  • 丛书相关作品
  • 出版社相关作品

书目信息

  • 表格格式
  • 工作单格式
  • 卡片格式
书名: The Dead Sea Scrolls in English
作者: [by] G. Vermes
分册号:
分册名:
出版地: Baltimore :
 
出版社: Penguin
出版时间: [1962].
页数: 254 p. ;
开本: 18 cm.
丛书名:
中图分类号:
科图分类号:
其他分类号: B985
主题词:
电子资源:
000 00850nam 2200289 a 4500
001 E0739538378
003 OCoLC
004 000655893
005 20070712110158.82
008 000 0 eng
008 uu
010    @a63002160
019    @a362595 @a377906 @a18301867
040    @aWalsh College Lib @cDLC @dOCL @dATO @dDRB @dOCL
041 1  @aenghebarc
049    @aN5LA
090    @aB985
099    @dB985@ex66=4
130 0  @aDead Sea scrolls. @lEnglish
245 14 @aThe Dead Sea Scrolls in English / @c[by] G. Vermes
260    @aBaltimore :@bPenguin,@c[1962].
300    @a254 p. ;@c18 cm.
504    @aBibliography: p. [252]
630 00 @aDead Sea scrolls.
650  4 @aDead sea scrolls
700 1  @aVermès, Géza, @d1924- @eed. and tr. @b00 @c20020930 @lNLC09 @h2257 @lNLC09 @h0104
852 1  @bWWJC @cJ17N @hBM487.A3 @iV4
    
    The Dead Sea Scrolls in English / / [by] G. Vermes.-Baltimore : : Penguin, , [1962].
    254 p. ; ; 18 cm.
    Bibliography: p. [252]
    
    ISBN
    
●
相关链接 在E读中查询图书 在五车中查询图书 在当当中查询图书 在豆瓣中查询图书


正题名:Dead Sea Scrolls in English     索取号:B985/x66=4         预约/预借

序号 登录号 条形码 馆藏地/架位号 状态 备注
1 0011789   300117898   第二样本阅览室/ [索取号:B985/x66=4] 在馆    
唐山师范学院图书馆 欢迎您!
大连网信软件有限公司© 版权所有